British Journal of Management
Na minha lista:
| Formato: | Periódico |
|---|---|
| Idioma: | inglês |
| Publicado em: |
Oxford
Blackwell Publishers
|
| Assuntos: | |
| Tags: |
Sem tags, seja o primeiro a adicionar uma tag!
|
MARC
| LEADER | 00000nas1a2200000 4500 | ||
|---|---|---|---|
| 001 | s121452 | ||
| 005 | 20250701092101.2 | ||
| 022 | |a 1045-3172 | ||
| 022 | |a 1467-8551 | ||
| 041 | 0 | |a eng | |
| 044 | |a GB | ||
| 245 | 1 | 0 | |a British Journal of Management |
| 264 | 1 | |a Oxford |b Blackwell Publishers | |
| 610 | 2 | 0 | |a manažment |
| 610 | 2 | 0 | |a riadenie |
| 610 | 2 | 0 | |a Veľká Británia |